00378nam a2200145Ia 4500008004100000020001500041041001200056082001100068100002200079245006000101260003100161300000800192650001600200700001600216221030s9999 xx 000 0 und d a0333926250 aEnglish a105.23 aV. S. Janakiraman 0aFoundations of Artificial Intelligence & Expert Systems bMacmillanaNew Delhic2009 a231 aBE Computer aK. Sarukesi